| 000 | 00570nam a2200205 a 4500 | ||
|---|---|---|---|
| 005 | 20221026063554.0 | ||
| 008 | 991125s1964 bue 000 0 spa u | ||
| 035 | _aUPN01000042229 | ||
| 049 | _aCG | ||
| 050 | 4 | _aRC628 D4.68 | |
| 100 | 1 | _aDecourt, Jacques | |
| 245 | 1 | 3 |
_aLa obesidad / _cJacques Decourt, Michel Périn ; tr. Liliana Noemí Ziaurriz |
| 260 |
_aBuenos Aires : _bEUDEBA, _c1964 |
||
| 300 | _a111 p | ||
| 440 | 0 |
_aCuadernos de EUDEBA; _v116 |
|
| 650 | 2 |
_aObesidad _99772 |
|
| 700 | 2 |
_aPérin, Michel, _ecoaut. |
|
| 904 |
_aAC _b042231 |
||
| 905 | _aLibro | ||
| 999 |
_c42229 _d42229 |
||